Countries that End in Land - Statistics

General Stats
  • This quiz has been taken 52 times
  • The average score is 6 of 8
Answer Stats
Population Country % Correct
341,243 Iceland
94%
5,540,720 Finland
85%
4,937,786 Ireland
81%
8,654,622 Switzerland
72%
69,799,978 Thailand
72%
37,846,611 Poland
70%
17,134,872 Netherlands
66%
4,822,233 New Zealand
64%
No matching quizzes found
Score Distribution
Percent of People with Each Score
Percentile by Number Answered
Your Score History
You have not taken this quiz